Find the Odd One Out #1 - Statistics

General Stats
  • This quiz has been taken 21 times
  • The average score is 7 of 15
Answer Stats
Question Answer % Correct
Which of the following bands have NOT had at least one female member? Kiss
74%
Which of the following films was NOT released in the 1990s? Monsters, Inc.
74%
Which of the following animals is NOT native to Australia? Capybara
63%
Which of the following US states does NOT have rabies? Hawaii
63%
Which of the following religions is NOT older than Christianity? Islam
63%
Which of the following countries was NOT a part of the Soviet Union? Romania
58%
Which of the following is NOT a species of bird? Aye-aye
53%
Which of the following Canadian provinces does NOT border the United States? Nova Scotia
47%
Which of the following words does NOT have a positive meaning? Pernicious
47%
Which of the following planets does NOT have a lower gravity than Earth? Saturn
47%
Which of the following drinks does NOT traditionally contain orange juice? Seabreeze
37%
Which of the following actors was NOT in Once Upon a Time in Hollywood? Burt Reynolds
32%
Which of the following animals does NOT have a bladder? Duck
32%
Which of the following plants is NOT poisonous? Pansy
26%
Which of the following figures is/was NOT a vegetarian? David Bowie
16%
No matching quizzes found
Score Distribution
Percent of People with Each Score
Percentile by Number Answered
Your Score History
You have not taken this quiz